00939nam a2200277Ia 450000500170000000800410001702000180005804000350007604100080011110000340011924500290015325000230018226400380020530000280024333600270027133700330029833800280033149000830035952100400044265000420048265000400052465000290056465000300059365000270062308400110065020220317001953.0200115s9999 xx 000 0 und d a9789586655903 aCO-BoRNBPbspaerdacCO-BoRNBP0 aspa1 aGaleano, Eduardod1940 - 201510aAmares cEduardo Galeano aEdición especial 1aBogotá bSiglo del Hombrec2019 a373 páginas b21 cm.  2rdacontentatextobtxt 2rdamediaasin mediaciónbn 2rdacarrieravolumenbnc0 aPlan Nacional de Lectura y Escritura Leer es mi Cuento / Ministerio de Cultura aRecomendado para público adulto. 17aLiteratura uruguaya 2LEMBySiglo XX17aCuentos uruguayos ySiglo XX2LEMB17aExilio 2LEMBvCuentos 17aMemoria 2LEMBvCuentos 17aPoder 2LEMBvCuentos  aC GAL1